[Event "Satka Magnezit 120 op"]
[Site "Satka"]
[Date "2021.07.06"]
[Round "1"]
[White "Kanter, Eduard"]
[Black "Sterkhov, Sergey"]
[Result "1-0"]
[WhiteElo "2373"]
[BlackElo "1689"]
[PlyCount "79"]
[EventDate "2021.07.06"]
[EventType "swiss"]
[EventRounds "9"]
[EventCountry "RUS"]
[SourceTitle "CBM 203 Extra"]
[Source "ChessBase"]
[SourceDate "2021.09.30"]
[SourceVersion "1"]
[SourceVersionDate "2021.09.30"]
[SourceQuality "1"]

1. d4 Nf6 2. c4 e6 3. g3 Bb4+ 4. Bd2 Be7 5. Bg2 d5 6. Nf3 0-0 7. 0-0 c6 8. Bf4 Nbd7 9. Nc3 b6 10. Qd3 Ba6 11. b3 Rc8 12. Rfc1 c5 13. Nb5 Bxb5 14. cxb5 cxd4 15. Nxd4 Nc5 16. Qd1 Qd7 17. b4 Nce4 18. Nc6 Nd6 19. Qa4 Rfe8 20. Rc2 Bf8 21. Rac1 Ra8 22. Qa6 Qb7 23. Be5 Qxa6 24. bxa6 b5 25. Bxd6 Bxd6 26. a3 Kf8 27. Nd4 Rab8 28. Rc6 Red8 29. e3 Ng4 30. Bf1 Ne5 31. R6c3 Rb6 32. Bxb5 Nf3+ 33. Nxf3 Rxb5 34. Nd4 Rb6 35. Rc6 Rdb8 36. Rxb6 axb6 37. Rc6 Be7 38. Rc7 Ra8 39. a7 Bd6 40. Rd7 1-0